| 000 | 00318nam a22001097a 4500 | ||
|---|---|---|---|
| 008 | 230626b xxu||||| |||| 00| 0 eng d | ||
| 082 |
_a328.33 _bKNA 1983 |
||
| 245 |
_aKenya National Assembly _bList of Members As on 1st April,1983 |
||
| 260 |
_aNairobi _bKenya National Assembly _c1983 |
||
| 300 | _a25p | ||
| 942 |
_2ddc _cBK |
||
| 999 |
_c2588 _d2588 |
||